[Event "Calvi Balagne rapid KO 12th"]
[Site "Calvi"]
[Date "2014.05.24"]
[Round "2.1"]
[White "Ballati, Gregory"]
[Black "Fressinet, Laurent"]
[Result "0-1"]
[WhiteElo "1693"]
[BlackElo "2712"]
[PlyCount "72"]
[EventDate "2015.05.24"]
[EventType "k.o. (rapid)"]
[EventRounds "14"]
[EventCountry "FRA"]
[SourceTitle "EXT 2016"]
[Source "ChessBase"]
[SourceDate "2015.10.08"]
[SourceVersion "1"]
[SourceVersionDate "2015.10.08"]
[SourceQuality "1"]

1. e4 d6 2. d4 Nf6 3. Bd3 e5 4. dxe5 dxe5 5. Nf3 Nbd7 6. Be3 b6 7. Nc3 Bb4 8. Qd2 Bb7 9. 0-0 Nxe4 10. Bxe4 Bxe4 11. Qe2 Bxc3 12. bxc3 0-0 13. Rad1 Qe8 14. Rfe1 Bb7 15. Bc1 f6 16. Ba3 c5 17. Qc4+ Qf7 18. Qxf7+ Rxf7 19. Rd6 Nf8 20. Nd2 Rd7 21. Rxd7 Nxd7 22. Nc4 Bd5 23. Ne3 Be6 24. g4 Kf7 25. c4 h5 26. h3 Rh8 27. Kg2 Nf8 28. f3 Ng6 29. Kg3 Nf4 30. Rd1 hxg4 31. hxg4 Rh3+ 32. Kf2 Rh2+ 33. Ke1 Re2+ 34. Kf1 Rxe3 35. Bb2 Rxf3+ 36. Kg1 Bxg4 0-1